000 00474nam a2200181Ia 4500
001 462
005 20260306140519.0
008 260306t2005||||xx |||||||||||||| ||spa||
041 _aESP
082 _a121
_bH38
100 _aHempel, Carl Gustav [1905-1997]
_eAUT
245 0 _aLa explicación científica :
_bestudios sobre la filosofía de la ciencia
260 _c2005
300 _a647 páginas :
_c19 cm.
650 _aGEN
654 _aCHU
942 _cLIB
_dJUS
_fJUS
_2ddc
_n
999 _c462
_d462